| 000 | 01197 a2200181 4500 | ||
|---|---|---|---|
| 003 | Nust | ||
| 005 | 20230202114251.0 | ||
| 040 | _cNust | ||
| 082 | _a954,DON | ||
| 100 |
_aDunbar, George _9108450 |
||
| 245 |
_aA History of India : _bFrom The Earliest Times to The Present Day / _cSir George Dunbar |
||
| 250 | _aVol.1 | ||
| 260 |
_aLondon _bNicholson and Watson _61943 |
||
| 300 | _a287:p | ||
| 505 | _aAncient India (Page-1), The Maurya Empire (Page-35), Early Hindu India (Page-58), Pre Mogul Muhammad an Rule (Page-88), Pre Mogul India (Page-125), Mogul India (Page-163), Akbar (Page-177), Akbar Systems of Government (Page-198), The European Trading Companies (Page-212), Mogul India after Akbar (Page-233), Aurangzeb (Page-256), The Later Moguls and the Marathas (Page-289), French and ?English in the Carnatic (Page-310), The English in Bangal (Page-334), The Expansion of the East India Company (Page-364), Development of the British Connection (Page-406), British Supremacy (Page-454), Consolidation of British Rule (Page-479), India under the Crown Part I Canning to Ripon (Page-523), Progress towards Responsible Government (Page-590). | ||
| 650 |
_aIndia _925356 |
||
| 942 |
_2ddc _cBK |
||
| 999 |
_c187342 _d187342 |
||